[Event "IRL-ch"]
[Site "Dublin"]
[Date "2009.07.08"]
[Round "6"]
[White "Murray, David"]
[Black "Babei, Angelica"]
[Result "1/2-1/2"]
[WhiteElo "1981"]
[BlackElo "2015"]
[PlyCount "114"]
[EventDate "2009.07.04"]
[EventType "swiss"]
[EventRounds "9"]
[EventCountry "IRL"]
[SourceTitle "CBM 131 Extra"]
[Source "ChessBase"]
[SourceDate "2009.09.03"]
[SourceVersion "2"]
[SourceVersionDate "2009.09.16"]
[SourceQuality "1"]

1. e4 c6 2. d4 d5 3. exd5 cxd5 4. c4 Nf6 5. Nc3 g6 6. Bg5 Nbd7 7. Nf3 Bg7 8. cxd5 0-0 9. d6 exd6 10. Be2 Qb6 11. Qd2 d5 12. Bf4 Re8 13. Ne5 a6 14. 0-0 Qd8 15. Bf3 Nb6 16. b3 Bf5 17. Rfe1 Rc8 18. Rac1 Re7 19. a4 Ne4 20. Qb2 Nxc3 21. Rxc3 Rxc3 22. Qxc3 Be6 23. Qa5 Re8 24. Rc1 g5 25. Bg3 Nd7 26. Qxd8 Rxd8 27. Nxd7 Rxd7 28. Rc8+ Bf8 29. Be5 f5 30. Bh5 Bf7 31. Be2 Be6 32. b4 g4 33. b5 axb5 34. Bxb5 Re7 35. Rb8 Bd7 36. Rxb7 Bxb5 37. Rxe7 Bxe7 38. axb5 Bd8 39. Bd6 Kf7 40. Kf1 Ke6 41. Bc5 Kd7 42. Ke2 Bg5 43. Kd3 h5 44. Kc3 Bh6 45. Kb4 Bd2+ 46. Ka4 Bc3 47. Kb3 Bd2 48. h3 gxh3 49. gxh3 Be1 50. f3 Bd2 51. Kc2 Bg5 52. Kd3 Bf4 53. Ke2 Bg5 54. Kf1 Be3 55. Kg2 Bg5 56. Kg3 Kc7 57. h4 Be3 1/2-1/2

[Event "IRL-ch"]
[Site "Dublin"]
[Date "2009.07.06"]
[Round "4"]
[White "Boyle, Bernard"]
[Black "Babei, Angelica"]
[Result "1-0"]
[WhiteElo "1936"]
[BlackElo "2015"]
[PlyCount "109"]
[EventDate "2009.07.04"]
[EventType "swiss"]
[EventRounds "9"]
[EventCountry "IRL"]
[SourceTitle "CBM 131 Extra"]
[Source "ChessBase"]
[SourceDate "2009.09.03"]
[SourceVersion "2"]
[SourceVersionDate "2009.09.16"]
[SourceQuality "1"]

1. d4 d5 2. Bf4 Nf6 3. e3 c5 4. c3 Nc6 5. Nd2 Bf5 6. Ngf3 Qb6 7. Nh4 Bg6 8. Nxg6 hxg6 9. Rb1 e6 10. Bd3 Be7 11. h3 0-0 12. Nf3 a5 13. a4 Rfc8 14. 0-0 Na7 15. Ne5 c4 16. Bc2 Bd6 17. Ng4 Be7 18. Bg5 Qd8 19. Ne5 Nc6 20. f4 Nh7 21. Bxe7 Nxe7 22. e4 Nf6 23. exd5 Nexd5 24. Qe2 Qc7 25. Rf3 Ra6 26. Rbf1 Rd6 27. Bb1 Nb6 28. Bc2 Nfd5 29. Qe4 Qe7 30. Qe1 Qe8 31. Qg3 Nxa4 32. f5 exf5 33. Nxf7 Qxf7 34. Qxd6 Nab6 35. Bxf5 gxf5 36. Rxf5 Qe7 37. Rxd5 Nxd5 38. Qxd5+ Kh8 39. Qh5+ Kg8 40. Qxa5 Qe3+ 41. Kh1 Qe6 42. Qf5 Re8 43. Qxe6+ Rxe6 44. Rf5 Rb6 45. Rc5 Rxb2 46. Rxc4 b5 47. Rb4 Rc2 48. Rxb5 Rxc3 49. Rf5 Re3 50. Rf4 Kh7 51. h4 Kh6 52. Kh2 g5 53. hxg5+ Kxg5 54. g3 Re2+ 55. Kh3 1-0

[Event "IRL-ch"]
[Site "Dublin"]
[Date "2009.07.04"]
[Round "1"]
[White "Babei, Angelica"]
[Black "Short, Philip M"]
[Result "0-1"]
[WhiteElo "2015"]
[BlackElo "2309"]
[PlyCount "96"]
[EventDate "2009.07.04"]
[EventType "swiss"]
[EventRounds "9"]
[EventCountry "IRL"]
[SourceTitle "CBM 131 Extra"]
[Source "ChessBase"]
[SourceDate "2009.09.03"]
[SourceVersion "2"]
[SourceVersionDate "2009.09.16"]
[SourceQuality "1"]

1. e4 e6 2. d4 d5 3. e5 c5 4. f4 cxd4 5. Qxd4 Nc6 6. Qf2 Nh6 7. Nf3 Be7 8. h3 Nf5 9. Bd3 Nb4 10. 0-0 Nxd3 11. cxd3 h5 12. d4 Bd7 13. Nc3 h4 14. b3 a5 15. Bb2 a4 16. bxa4 Bxa4 17. Nxa4 Rxa4 18. Rfc1 0-0 19. Qc2 Qa5 20. Qc7 Qa6 21. Qc3 Rxa2 22. Rxa2 Qxa2 23. Ra1 Qc4 24. Rc1 Qa6 25. Ra1 Qc4 26. Rc1 Qxc3 27. Rxc3 b5 28. Rb3 b4 29. Kf2 Rc8 30. Nd2 Kf8 31. Ke2 Ke8 32. Kd3 Kd7 33. Ke2 Kc6 34. Rd3 Kb5 35. Kd1 g5 36. fxg5 Bxg5 37. Nf1 Ka4 38. Ke2 Ra8 39. Nd2 Bxd2 40. Rxd2 Rg8 41. Kf2 Kb3 42. Ba1 Rc8 43. Rb2+ Ka3 44. Rd2 b3 45. Bb2+ Kb4 46. Ke2 Rc2 47. Kd3 Rxd2+ 48. Kxd2 Kc4 0-1

[Event "MDA-ch (Women)"]
[Site "Kishinev"]
[Date "2009.01.20"]
[Round "5"]
[White "Bulmaga, Irina"]
[Black "Babei, Angelica"]
[Result "1-0"]
[WhiteElo "2300"]
[BlackElo "2010"]
[PlyCount "87"]
[EventDate "2009.01.16"]
[EventType "tourn"]
[EventRounds "9"]
[EventCountry "MDA"]
[SourceTitle "EXT 2010"]
[Source "ChessBase"]
[SourceDate "2010.11.25"]
[SourceVersion "1"]
[SourceVersionDate "2010.11.25"]
[SourceQuality "1"]

1. e4 c6 2. d4 d5 3. e5 Bf5 4. Nf3 e6 5. Be2 Nd7 6. 0-0 Ne7 7. Nbd2 c5 8. dxc5 Nc6 9. Nb3 Nxc5 10. Nfd4 Bg6 11. Be3 Nd7 12. f4 Nxd4 13. Bxd4 Be7 14. c4 dxc4 15. Bxc4 0-0 16. Qf3 Nb6 17. Be2 Nd5 18. Rac1 b6 19. Bc4 Nb4 20. a3 Nc2 21. Bf2 Rc8 22. Rfd1 Rxc4 23. Rxd8 Rxd8 24. Rd1 Rdc8 25. h3 Be4 26. Qe2 Bd5 27. Nd4 Nxd4 28. Rxd4 Rc2 29. Rd2 Rc1+ 30. Kh2 R1c4 31. Bd4 Bc5 32. Bxc5 R8xc5 33. Qf2 h6 34. Qh4 Kh7 35. Qf2 Rc1 36. f5 exf5 37. Qxf5+ g6 38. Qd7 Be6 39. Qxa7 Rxe5 40. Qxb6 Ree1 41. Rd8 Rh1+ 42. Kg3 Rcg1 43. Qd4 Rxh3+ 44. Kf2 1-0

[Event "MDA-ch (Women)"]
[Site "Kishinev"]
[Date "2009.01.18"]
[Round "3"]
[White "Bulmaga, Elena"]
[Black "Babei, Angelica"]
[Result "0-1"]
[WhiteElo "1663"]
[BlackElo "2010"]
[PlyCount "54"]
[EventDate "2009.01.16"]
[EventType "tourn"]
[EventRounds "9"]
[EventCountry "MDA"]
[SourceTitle "EXT 2010"]
[Source "ChessBase"]
[SourceDate "2010.11.25"]
[SourceVersion "1"]
[SourceVersionDate "2010.11.25"]
[SourceQuality "1"]

1. d4 d5 2. c4 c6 3. Nc3 Nf6 4. Nf3 a6 5. e3 b5 6. b3 Bg4 7. Be2 e6 8. 0-0 Nbd7 9. Bb2 Bd6 10. h3 Bh5 11. Ne5 Bxe2 12. Nxe2 Qc7 13. cxd5 Nxd5 14. Qc2 0-0 15. e4 Ne7 16. Nxd7 Qxd7 17. Qc3 Rac8 18. d5 e5 19. Qd3 cxd5 20. exd5 Rc5 21. Nc3 b4 22. Na4 Rb5 23. Qg3 Ng6 24. Qe3 Bc7 25. Nc5 Qxd5 26. Nxa6 Bb6 27. Qe1 Nf4 0-1

[Event "Kishinev ULIM op"]
[Site "Kishinev"]
[Date "2007.10.06"]
[Round "1"]
[White "Soltanici, Ruslan"]
[Black "Babei, Angelica"]
[Result "1-0"]
[WhiteElo "2378"]
[BlackElo "1991"]
[PlyCount "79"]
[EventDate "2007.10.06"]
[EventType "swiss"]
[EventRounds "9"]
[EventCountry "MDA"]
[SourceTitle "EXT 2008"]
[Source "ChessBase"]
[SourceDate "2007.11.25"]
[SourceVersion "1"]
[SourceVersionDate "2007.11.25"]
[SourceQuality "1"]

1. e4 c6 2. d4 d5 3. exd5 cxd5 4. c4 Nf6 5. Nc3 g6 6. Qb3 Bg7 7. cxd5 0-0 8. Be2 Na6 9. Bf3 Qb6 10. Qxb6 axb6 11. Nge2 Nb4 12. 0-0 Rd8 13. d6 Rxd6 14. Bf4 Rd7 15. Rfd1 Nbd5 16. Be5 Rd8 17. Nf4 Nxf4 18. Bxf4 Bg4 19. Bxb7 Ra7 20. Bf3 Bxf3 21. gxf3 Rad7 22. Be3 Nd5 23. Rac1 Ra8 24. a3 h5 25. Ne4 Rad8 26. Rc6 b5 27. Rd3 b4 28. a4 Nxe3 29. fxe3 e5 30. Nc5 Rd5 31. Nb3 exd4 32. e4 Rg5+ 33. Kf1 Be5 34. Rc5 f6 35. a5 Bxh2 36. Rxg5 fxg5 37. Rxd4 Rxd4 38. Nxd4 Be5 39. Nc6 Bxb2 40. a6 1-0

[Event "EU-ch U16 Girls 17th"]
[Site "Sibenik"]
[Date "2007.09.23"]
[Round "9"]
[White "Khazhomia, Salome"]
[Black "Babei, Angelica"]
[Result "1-0"]
[WhiteElo "2175"]
[BlackElo "1964"]
[PlyCount "43"]
[EventDate "2007.09.14"]
[EventType "swiss"]
[EventRounds "9"]
[EventCountry "CRO"]
[SourceTitle "CBM 120 Extra"]
[Source "ChessBase"]
[SourceDate "2007.11.01"]
[SourceVersion "1"]
[SourceVersionDate "2007.11.01"]
[SourceQuality "1"]

1. d4 d5 2. Nf3 Nf6 3. c4 c6 4. Nc3 a6 5. a4 e6 6. e3 Nbd7 7. Bd3 Be7 8. 0-0 0-0 9. e4 dxc4 10. Bxc4 Nb6 11. Be2 c5 12. Bf4 a5 13. Nb5 Ne8 14. Rc1 cxd4 15. Nc7 d3 16. Bxd3 Ra7 17. Be3 Nd7 18. Bxa7 Nxc7 19. Qc2 Bd6 20. e5 Nxe5 21. Nxe5 Bxe5 22. Bb6 1-0

[Event "EU-ch U16 Girls 17th"]
[Site "Sibenik"]
[Date "2007.09.15"]
[Round "2"]
[White "Babei, Angelica"]
[Black "Grigorian, Marine"]
[Result "1-0"]
[WhiteElo "1964"]
[BlackElo "2087"]
[PlyCount "75"]
[EventDate "2007.09.14"]
[EventType "swiss"]
[EventRounds "9"]
[EventCountry "CRO"]
[SourceTitle "CBM 120 Extra"]
[Source "ChessBase"]
[SourceDate "2007.11.01"]
[SourceVersion "1"]
[SourceVersionDate "2007.11.01"]
[SourceQuality "1"]

1. e4 c5 2. d3 Nc6 3. f4 g6 4. Nf3 Bg7 5. g3 d6 6. Bg2 Nf6 7. 0-0 0-0 8. Nc3 Rb8 9. h3 b5 10. Be3 b4 11. Ne2 Nd7 12. d4 cxd4 13. Nexd4 Bb7 14. Nxc6 Bxc6 15. Nd4 Bb7 16. Bf2 Nc5 17. Re1 Qd7 18. Qd2 Rfc8 19. a3 a5 20. axb4 axb4 21. Ra5 Ba8 22. Qe2 Ne6 23. Nb5 Qd8 24. Ra2 Nc5 25. Na7 Rc7 26. Nb5 Rcc8 27. Na7 Rc7 28. Nb5 Rd7 29. Nd4 e5 30. Nb3 Nxb3 31. cxb3 d5 32. Rea1 exf4 33. gxf4 dxe4 34. Be3 f5 35. Ra7 Bd4 36. Qc4+ Kf8 37. Bxd4 Rc8 38. Qxb4+ 1-0

[Event "EU-ch U16 Girls"]
[Site "Herceg Novi"]
[Date "2006.09.18"]
[Round "8"]
[White "Babei, Angelica"]
[Black "Vince, Viola"]
[Result "1-0"]
[WhiteElo "1963"]
[BlackElo "1796"]
[PlyCount "39"]
[EventDate "2006.09.10"]
[EventType "swiss"]
[EventRounds "9"]
[EventCountry "MNE"]
[SourceTitle "CBM 114 Extra"]
[Source "ChessBase"]
[SourceDate "2006.11.03"]
[SourceVersion "1"]
[SourceVersionDate "2006.11.03"]
[SourceQuality "1"]

1. e4 c5 2. Nc3 Nc6 3. g3 g6 4. Bg2 Bg7 5. d3 d6 6. f4 e6 7. Nf3 Nge7 8. 0-0 0-0 9. Ne2 b6 10. c3 Bb7 11. Be3 d5 12. e5 Nf5 13. Bf2 h5 14. d4 Qd7 15. dxc5 bxc5 16. Bxc5 d4 17. Bxf8 Ne3 18. Qd3 Bxf8 19. Rfe1 Qd5 20. Nexd4 1-0

[Event "EU-ch U16 Girls"]
[Site "Herceg Novi"]
[Date "2006.09.17"]
[Round "7"]
[White "Forestier, Carole"]
[Black "Babei, Angelica"]
[Result "1-0"]
[WhiteElo "1789"]
[BlackElo "1963"]
[PlyCount "99"]
[EventDate "2006.09.10"]
[EventType "swiss"]
[EventRounds "9"]
[EventCountry "MNE"]
[SourceTitle "CBM 114 Extra"]
[Source "ChessBase"]
[SourceDate "2006.11.03"]
[SourceVersion "1"]
[SourceVersionDate "2006.11.03"]
[SourceQuality "1"]

1. d4 d5 2. c4 c6 3. Nc3 Nf6 4. e3 a6 5. Nf3 b5 6. b3 Bg4 7. Be2 Nbd7 8. 0-0 Qb8 9. h3 Bh5 10. cxd5 cxd5 11. Bb2 e6 12. Ne5 Bxe2 13. Nxe2 Bd6 14. Nxd7 Nxd7 15. e4 dxe4 16. d5 exd5 17. Qxd5 0-0 18. Qxe4 Re8 19. Qg4 Be5 20. Bxe5 Nxe5 21. Qf5 Qb6 22. Nf4 Rad8 23. Rfe1 Qd4 24. Qe4 Qd2 25. Re2 Qc3 26. Rae1 Rd2 27. Kf1 f6 28. Nd5 Rxe2 29. Rxe2 Qa1+ 30. Re1 Qxa2 31. Nc7 Rd8 32. f4 Qxb3 33. fxe5 fxe5 34. Qxe5 Qd3+ 35. Kg1 Qd4+ 36. Qxd4 Rxd4 37. Nxa6 Ra4 38. Nc7 Rb4 39. Re8+ Kf7 40. Rb8 Rb1+ 41. Kh2 b4 42. Na6 g5 43. Rxb4 Rf1 44. Nc7 h5 45. Rb5 Kg6 46. Ne6 g4 47. h4 Kf6 48. Nd4 Kg6 49. Rg5+ Kh6 50. Nf5+ 1-0

[Event "Kishinev ULIM Cup"]
[Site "Kishinev"]
[Date "2005.10.15"]
[Round "8"]
[White "Ivanov, Evgeny"]
[Black "Babei, Angelica"]
[Result "0-1"]
[WhiteElo "2044"]
[BlackElo "1904"]
[PlyCount "88"]
[EventDate "2005.10.08"]
[EventType "swiss"]
[EventRounds "9"]
[EventCountry "MDA"]
[SourceTitle "CBM 108 Extra"]
[Source "ChessBase"]
[SourceDate "2005.11.04"]
[SourceVersion "1"]
[SourceVersionDate "2005.11.04"]
[SourceQuality "1"]

1. e4 c6 2. d4 d5 3. exd5 cxd5 4. Bd3 Nc6 5. Ne2 Bg4 6. c3 Nf6 7. h3 Bh5 8. Qc2 e6 9. Nf4 Bg6 10. Nxg6 hxg6 11. Nd2 Bd6 12. Nf3 0-0 13. 0-0 Rb8 14. Re1 Qc7 15. Bg5 Nd7 16. h4 b5 17. Bxg6 fxg6 18. Qxg6 Nf6 19. Rxe6 Ne7 20. Qd3 Ne4 21. Re1 Qd7 22. Bxe7 Bxe7 23. Ra6 Qg4 24. Rxa7 Bxh4 25. Re2 Rb6 26. Nxh4 Qxh4 27. f3 Rh6 28. Rxe4 dxe4 29. Qxe4 Qg5 30. Qe2 Rhf6 31. Kf2 Qh4+ 32. Kg1 Qg3 33. Qxb5 Rxf3 34. Qd5+ R3f7 35. a4 Qf2+ 36. Kh2 Qf6 37. b4 Qf4+ 38. Kg1 Re8 39. Ra8 Rxa8 40. Qxa8+ Kh7 41. Qe8 Qf2+ 42. Kh2 Qh4+ 43. Kg1 Re7 44. Qb5 Re1+ 0-1

[Event "EU-ch (Women) 6th"]
[Site "Kishinev"]
[Date "2005.06.22"]
[Round "11"]
[White "Babei, Angelica"]
[Black "Andronic, Iulia"]
[Result "1/2-1/2"]
[WhiteElo "1843"]
[BlackElo "2085"]
[PlyCount "167"]
[EventDate "2005.06.11"]
[EventType "swiss"]
[EventRounds "12"]
[EventCountry "MDA"]
[SourceTitle "CBM 106 Extra"]
[Source "ChessBase"]
[SourceDate "2005.07.01"]
[SourceVersion "1"]
[SourceVersionDate "2005.07.01"]
[SourceQuality "1"]

1. e4 Nf6 2. e5 Nd5 3. d4 d6 4. c4 Nb6 5. exd6 cxd6 6. Nc3 g6 7. Be3 Bg7 8. Rc1 Nc6 9. b3 0-0 10. d5 Ne5 11. Be2 Ned7 12. f4 Re8 13. Nf3 Nf6 14. 0-0 Nbd7 15. Qd2 Nc5 16. b4 Nce4 17. Nxe4 Nxe4 18. Qc2 Nf6 19. Bd4 Nh5 20. Bxg7 Nxg7 21. a3 Nf5 22. Qd3 a5 23. Kh1 axb4 24. axb4 e6 25. dxe6 Bxe6 26. Nd4 Qb6 27. Nxf5 Bxf5 28. Qd2 Ra4 29. b5 Qc5 30. Rfd1 Re6 31. Bf3 Be4 32. Bxe4 Rxe4 33. Qxd6 Qxd6 34. Rxd6 Raxc4 35. Rdd1 Rxf4 36. g3 Rxc1 37. Rxc1 Rb4 38. Rc5 b6 39. Rd5 Rb2 40. h4 Kf8 41. h5 Kg7 42. hxg6 hxg6 43. g4 Kh6 44. Kg1 f6 45. Kf1 Kg7 46. Rd7+ Kf8 47. Rd6 Rxb5 48. Rxf6+ Kg7 49. Rc6 Kh6 50. Kg2 Rb3 51. Kf2 Kg5 52. Kg2 b5 53. Kf2 Rb1 54. Kf3 Rb3+ 55. Kf2 Rb2+ 56. Kf3 Rb3+ 57. Kf2 Rb1 58. Kf3 Rb4 59. Kf2 Rc4 60. Rb6 b4 61. Kf3 Rf4+ 62. Ke3 Rxg4 63. Kf3 Rc4 64. Kf2 Kh4 65. Kg2 g5 66. Rb8 Kg4 67. Kf2 Rc2+ 68. Ke3 Rc4 69. Kf2 Rf4+ 70. Kg2 Rc4 71. Kf2 Kf5 72. Rb5+ Kf6 73. Rb6+ Kf5 74. Rb5+ Kf4 75. Ke2 g4 76. Rb8 g3 77. Kd3 Rc3+ 78. Kd2 Rc4 79. Kd3 Rc3+ 80. Kd2 Rb3 81. Kc2 Rc3+ 82. Kd2 Rb3 83. Kc2 Rc3+ 84. Kd2 1/2-1/2